| 000 | 00824nam a2200229Ia 4500 | ||
|---|---|---|---|
| 005 | 20260430150817.0 | ||
| 008 | 008 250103s9999 xx 000 0 hin d | ||
| 037 | _aTheses | ||
| 040 | _aCRL | ||
| 040 | _bhin | ||
| 040 | _chin | ||
| 041 | _2hin | ||
| 041 | _ahin | ||
| 084 | _qCRL | ||
| 100 |
_aयादव, अभिषेक कुमार, ले. _9870405 |
||
| 245 | 0 | _aलोकनाट्य की द्रृष्टि से पर्वांचल की रामलीला का सामाजिक एवं सांस्कृतिक मूल्यांकन | |
| 260 | _c2024 | ||
| 300 | _a282पृ. | ||
| 700 |
_aदिल्ली विश्वविद्यालय. कला संकाय. हिंदी _91238370 |
||
| 942 | _cTH | ||
| 999 |
_c1850878 _d1850878 |
||